000 00646nam a2200217Ia 4500
003 OSt
005 20230504162914.0
008 210423s2011 xx 000 0 und d
020 _a978-0-412-31970-5
040 _cAL
041 _aeng
082 _a658.5
_223
_bCOOP
100 _aCOOK (H E)
_997977
245 _aProduct management: value quality cost price profits and organization
260 _aNew York
_bChapman & Hall
_c2011
300 _axix,411
_bPB
365 _b595
_cINR
650 _aProduction Management
_997978
906 _acost ; management: ; organization ; price ; Product ; profits ; quality ; value
942 _2ddc
_cBK
999 _c171024
_d171024